Wprowadzanie nowego produktu na rynek

Salvato in:
Dettagli Bibliografici
Altri autori: Sojkin, Bogdan
Natura: Libro
Lingua:polacco
Pubblicazione: Poznan Wydawnictwo Akademii Ekonomicznej w Poznaniu 2003
Serie:Zeszyty naukowe 31
Soggetti:
Tags: Aggiungi Tag
Nessun Tag, puoi essere il primo ad aggiungerne!!

MARC

LEADER 00000nam$a2200000$$$4500
001 0012855
005 20240104133148.3
020 |a 83-89224-49-6 
022 |a 1643-2168 
041 0 |a pol 
044 |a PL 
245 1 0 |a Wprowadzanie nowego produktu na rynek  |c Redaktor naukowy: Bogdan Sojkin 
264 1 |a Poznan  |b Wydawnictwo Akademii Ekonomicznej w Poznaniu  |c 2003 
300 |a 125 s. 
490 1 |a Zeszyty naukowe  |v 31 
830 0 |a Zeszyty naukowe  |v 31 
610 2 0 |a produkty 
610 2 0 |a trh 
610 2 0 |a životnosť výrobkov 
610 2 0 |a informácie 
610 2 0 |a výrobky nové 
610 2 0 |a meno obchodné 
610 2 0 |a projektovanie 
610 2 0 |a technika 
610 2 0 |a marketing 
700 1 |a Sojkin, Bogdan